000
00278nam a22001337a 4500
003
SGT
020
_a
9788120339743
082
_a
343.099
_b
NEE
100
_a
NEELAMALAR M
245
_a
MEDIA LAW AND ETHICS
260
_a
DELHI
_b
EASTERN
_c
2023
300
_a
224
942
_2
ddc
_c
BK
999
_c
25740
_d
25740